LOTR: Residents of Middle-Earth: Bree - Statistics

General Stats
  • This quiz has been taken 40 times
  • The average score is 5 of 7
Answer Stats
Answer % Correct
Barliman Butterbur
93%
Bill Ferny
90%
Bill the Pony
86%
Nob
66%
Bob
62%
Aragorn
59%
Harry Goatleaf
55%
No matching quizzes found
Score Distribution
Percent of People with Each Score
Percentile by Number Answered
Your Score History
You have not taken this quiz